Home Print Resources E-Books E-Journals IIMT Lecture Series Library Membership Form Book Recommendation Form Campus Tour Take AdmissionAbout Us Contact Us

Educational Management Supervision and School Organization (Record no. 66486)

000 -LEADER
fixed length control field 00312nam a22001217a 4500
008 - FIXED-LENGTH DATA ELEMENTS--GENERAL INFORMATION
fixed length control field 251008b |||||||| |||| 00| 0 eng d
040 ## - CATALOGING SOURCE
Original cataloging agency IIMT University College of Education
100 ## - MAIN ENTRY--PERSONAL NAME
Personal name Reddy.G.Lokanadha
245 ## - TITLE STATEMENT
Title Educational Management Supervision and School Organization
260 ## - PUBLICATION, DISTRIBUTION, ETC. (IMPRINT)
Place of publication, distribution, etc New Delhi
Name of publisher, distributor, etc Neelkamal
300 ## - PHYSICAL DESCRIPTION
Pages 208
942 ## - ADDED ENTRY ELEMENTS (KOHA)
Koha item type Text-Book- for 7 days
952 ## - LOCATION AND ITEM INFORMATION (KOHA)
-- 2025-10-08
952 ## - LOCATION AND ITEM INFORMATION (KOHA)
-- 2025-10-08
Holdings
Withdrawn status Lost status Source of classification or shelving scheme Damaged status Not for loan Location (home branch) Sublocation or collection (holding branch) Date acquired Source of Acquisition Cost Normal purchase price Koha issues (times borrowed) Accession No. Koha date last seen Koha item type
          IIMT University College of Education IIMT University College of Education 10/08/2025 R.Lall Meerut 595.00   05-B-18817 10/08/2025 Text-Book- for 7 days
          IIMT University College of Education IIMT University College of Education 10/08/2025 R.Lall Meerut 595.00   05-B-18818 10/08/2025 Text-Book- for 7 days
IIMT, Central Library. All Rights Reserved IIMT,UNIVERSITY © 2023
Implemented and Customised by I CLOUDE EMS
You Are OPAC Visitor No
free web counter

Powered by Koha